MALAYALATHINTE PRIYA KAVITHAKAL (Record no. 4787)
[ view plain ]
| 000 -LEADER | |
|---|---|
| fixed length control field | 00340nam a22001457a 4500 |
| 020 ## - INTERNATIONAL STANDARD BOOK NUMBER | |
| ISBN | 93-86440-78-4 |
| 082 ## - DEWEY DECIMAL CLASSIFICATION NUMBER | |
| Classification number | 894.812.1 |
| Item number | KUN/M |
| 100 ## - MAIN ENTRY--AUTHOR NAME | |
| Personal name | KUNJIRAMAN NAIR. P |
| 245 ## - TITLE STATEMENT | |
| Title | MALAYALATHINTE PRIYA KAVITHAKAL |
| 260 ## - PUBLICATION, DISTRIBUTION, ETC. (IMPRINT) | |
| Place of publication | THRISSUR |
| Name of publisher | GREEN BOOKS PRIVATE LTD |
| Year of publication | 2017 |
| 300 ## - PHYSICAL DESCRIPTION | |
| Number of Pages | 224 |
| 520 ## - SUMMARY, ETC. | |
| Summary, etc | POETRY |
| 650 ## - SUBJECT ADDED ENTRY--TOPICAL TERM | |
| Topical Term | POETRY |
| 942 ## - ADDED ENTRY ELEMENTS (KOHA) | |
| Koha item type | Books |
| Withdrawn status | Lost status | Collection code | Home library | Current library | Shelving location | Date acquired | Source of acquisition | Cost, normal purchase price | Full call number | Accession Number | Koha item type |
|---|---|---|---|---|---|---|---|---|---|---|---|
| Long Overdue (Lost) | Fiction | Main Library | Main Library | SHELF-16H-MALAYALAM POEMS | 23/10/2017 | Purchase | 225.00 | 894.812.1 KUN/M | 10059 | Books |